Les prénoms des présentateurs du JT de 20 heures de TF1 - Statistiques

Statistiques générales
  • Ce quiz a été pris 167 fois
  • Le résultat moyen est 16 sur 29
Statistiques - réponses
DATES Prénom et Nom % Correct
Hommes 1983-1984 {Jean} Offredo
99%
Femmes 1991-2015 {Claire} Chazal
96%
Hommes 1982-1983 {Jean-Pierre} Berthet
96%
Hommes 1987 {Jean-Pierre} Pernaut
96%
Femmes 2006-2008 {Anne-Sophie} Lapix
89%
Hommes 2011-? {Gilles} Bouleau
89%
Femmes 2002-2006 / 2008-2012 {Laurence} Ferrari
88%
Hommes 1987-2008 {Patrick} Poivre d'Arvor
85%
Hommes 2006-2011 {Harry} Roselmack
84%
Femmes 2012-? {Anne-Claire} Coudray
83%
Femmes 2015-? {Audrey} Crespo-Mara
69%
Hommes 1984-1990 {Bruno} Masure
59%
Hommes 2006 - 2008-2024 {Julien} Arnaud
59%
Hommes 1984-1985 {Claude} Sérillon
56%
Hommes 1975-1984 {Jean-Claude} Bourret
53%
Hommes 1982-1983 / 1990-2002 {Jean-Claude} Narcy
53%
Femmes 1995-1997 {Béatrice} Schönberg
43%
Hommes 1998-2006 {Thomas} Hugues
42%
Hommes 1977-1980 {Dominique} Baudis
38%
Hommes 1975-1977 / 1987-1989 / 1990-2002 {Dominique} Bromberger
38%
Hommes 1975-1980 {Roger} Gicquel
38%
Hommes 2024-? {François-Xavier} Ménage
36%
Hommes 1990-1991 {Ladislas} de Hoyos
28%
Femmes 1998 {Catherine} Nayl
24%
Femmes 1986-1987 {Marie-France} Cubadda
16%
Femmes 1983 {Françoise} Kramer
12%
Femmes 1983 {Francine} Buchi
10%
Hommes 1982-1983 {Jean-Loup} Demigneux
9%
Hommes 1981-1982 {Jean-Marie} Lefebvre
7%
Aucun quiz correspondant
Distribution des résultats
% des personnes avec chaque résultat
Percentile par nombre de réponses
Votre historique - résultats
Vous n’avez pas pris ce quiz